Elementary mathematical models : [Washington, DC] : Mathematical Association of America, ©1997. Series: Classroom resource materials (Unnumbered) (Record no. 7447)

MARC details
000 -LEADER
fixed length control field 01185nam a2200205 4500
020 ## - INTERNATIONAL STANDARD BOOK NUMBER
ISBN 0883857073
020 ## - INTERNATIONAL STANDARD BOOK NUMBER
ISBN 9780883857076
050 ## - CALL NUMBER
Classification number QA401
Item number .K12
100 ## - AUTHOR
Personal name Kalman, Dan
245 ## - TITLE
Title Elementary mathematical models : [Washington, DC] : Mathematical Association of America, ©1997. Series: Classroom resource materials (Unnumbered)
Remainder of title order aplenty and a glimpse of chaos /
Statement of responsibility, etc Dan Kalman
260 ## - PUBLICATION INFORMATION
Place of publication [Washington, DC] :
Name of publisher Mathematical Association of America,
Year of publication ©1997.
300 ## - DESCRIPTION
Number of Pages (xvi, 345 pages) :
Other physical details illustrations
Accompanying material 1 online resource
440 ## - SERIES
SERIES Classroom resource materials (Unnumbered)
500 ## - NOTES
General note Includes index
505 ## - FORMATTED CONTENTS NOTE
Table of Content Overview<br/>Sequences and difference equations --<br/>Arithmetic growth --<br/>Linear graphs, functions and equations --<br/>Quadratic growth models --<br/>Quadratic graphs, functions and equations --<br/>Polynomial and rational functions --<br/>Fitting a line to data --<br/>Geometric growth --<br/>Exponential functions --<br/>More on logarithms --<br/>Geometric sums and mixed models --<br/>Logistic growth --<br/>Chaos in logistic models.
650 ## - SUBJECTS
Topical Term Mathematical models.
650 ## - SUBJECTS
Topical Term Mathematical analysis.
650 ## - SUBJECTS
Topical Term MATHEMATICS -- General.
942 ## - ADDED ENTRY ELEMENTS (KOHA)
Koha item type Books
Holdings
Withdrawn status Lost status Home library Current library Shelving location Date acquired Full call number Accession Number Koha item type
    Methodist University Library Main Methodist University Library Main General Stacks 01/07/2017 QA401 .K12 4416 Books
Copyright © 2026  MUG Library